[Event "IV Open"]
[Site "Palma ESP"]
[Date "2009.11.22"]
[Round "2"]
[White "Gomez Jurado,L"]
[Black "Bhat,V"]
[Result "0-1"]
[WhiteElo "2283"]
[BlackElo "2510"]

1.d4 d5 2.Nf3 Nf6 3.c4 c6 4.Nc3 e6 5.e3 Nbd7 6.Qc2 Bd6 7.Bd3 O-O 8.e4 dxe4
9.Nxe4 Nxe4 10.Bxe4 f5 11.Bd3 c5 12.Bg5 Qa5+ 13.Bd2 Qc7 14.O-O-O a6 15.d5 exd5
16.Bxf5 Rxf5 17.Qxf5 Ne5 18.Qc2 Nxc4 19.Qd3 Qf7 20.Ng5 Qf5 21.Qxf5 Bxf5 22.Nf3 Be4
23.b3 Nxd2 24.Kxd2 b5 25.Ne1 Re8 26.f3 Bf4+ 27.Kc3 Be5+ 28.Kd2 Bf4+ 29.Kc3 b4+
30.Kb2 Bg6 31.Nd3 Re2+ 32.Ka1 Bg5 33.h4 Bf6+ 34.Kb1 c4  0-1

[Event "IV Open"]
[Site "Palma ESP"]
[Date "2009.11.22"]
[Round "3"]
[White "Bellaiche,A"]
[Black "Valls Casas,J"]
[Result "1-0"]
[WhiteElo "2452"]
[BlackElo "2076"]

1.d4 d5 2.c4 c6 3.Nc3 Nf6 4.e3 e6 5.Nf3 Bd6 6.Bd3 Nbd7 7.O-O e5 8.cxd5 cxd5
9.e4 dxe4 10.Nxe4 Nxe4 11.Bxe4 O-O 12.dxe5 Nxe5 13.Nxe5 Bxe5 14.Bxh7+ Kxh7
15.Qh5+ Kg8 16.Qxe5 Re8 17.Qg3 Re2 18.Be3 Rxb2 19.Rfd1 Qf8 20.Bd4 Rb4 21.Rac1 b6
22.h3 Be6 23.Be5 Rc4 24.Rxc4 Bxc4 25.Rd4 Be6 26.Bf6 Rc8 27.a4 a6 28.Rd6 b5
29.Rxa6 b4 30.Ra5 b3 31.Rg5  1-0

[Event "World Cup"]
[Site "Khanty-Mansiysk RUS"]
[Date "2009.11.23"]
[Round "1.4"]
[White "Gustafsson,J"]
[Black "Inarkiev,E"]
[Result "0-1"]
[WhiteElo "2622"]
[BlackElo "2645"]

1.d4 d5 2.c4 c6 3.Nc3 Nf6 4.e3 e6 5.Nf3 Nbd7 6.Qc2 Bd6 7.Bd3 O-O 8.O-O dxc4
9.Bxc4 b5 10.Be2 Bb7 11.e4 e5 12.Bg5 h6 13.Bh4 exd4 14.Nxd4 Qc7 15.Kh1 b4
16.Na4 Rfe8 17.Nf5 Nxe4 18.Nxd6 Qxd6 19.Rad1 Qg6 20.Bd3 Ba6 21.f3 Bxd3 22.Qxd3 Nef6
23.Qxg6 fxg6 24.Rd6 c5 25.Rfd1 c4 26.Kg1 Rac8 27.Kf1 g5 28.Be1 Ne5 29.Bxb4 g4
30.Bc3 gxf3 31.gxf3 Kf7 32.Ra6 Rc7 33.Rdd6 Nh5 34.Rd5 Rce7 35.Raa5 Kf6 36.Nc5 Kg6
37.Na6 Nxf3 38.Rxh5 Rf7 39.Rhd5 Nh4+ 40.Kg1 Re2 41.Rd6+ Kh7 42.Rd2 Re1+  0-1

[Event "IV Open"]
[Site "Palma ESP"]
[Date "2009.11.23"]
[Round "4"]
[White "Buhmann,R"]
[Black "Cabrera Trujillo,J"]
[Result "0-1"]
[WhiteElo "2603"]
[BlackElo "2380"]

1.Nf3 d5 2.d4 Nf6 3.c4 c6 4.Nc3 e6 5.e3 Nbd7 6.Qc2 Bd6 7.b3 O-O 8.Be2 dxc4
9.bxc4 e5 10.a4 Re8 11.O-O exd4 12.exd4 Nf8 13.h3 Ng6 14.Rd1 Nf4 15.Bxf4 Bxf4
16.Rab1 Qa5 17.d5 cxd5 18.Nxd5 Nxd5 19.cxd5 Qd8 20.Bb5 Re7 21.Rb4 Bd6 22.Rh4 h6
23.Ng5 g6 24.Nf3 Bf5 25.Qd2 h5 26.Bd3 Bxd3 27.Qxd3 Qb6 28.Rb1 Qc7 29.g4 hxg4
30.hxg4 Be5 31.Kg2 Rd8 32.Rd1 Red7 33.Qe3 Bg7 34.g5 Rxd5 35.Rxd5 Rxd5 36.Qxa7 Ra5
37.Qe3 Qc6 38.Re4 Rxa4 39.Re8+ Kh7 40.Re7 Qd5 41.Kg3 Qf5 42.Kg2 Rf4 43.Nh2 Qxg5+
44.Kf1 Qh4 45.Kg2 Bd4  0-1

[Event "IV Open"]
[Site "Palma ESP"]
[Date "2009.11.24"]
[Round "5"]
[White "Roos,M GER"]
[Black "Valls Casas,J"]
[Result "1-0"]
[WhiteElo "2375"]
[BlackElo "2076"]

1.d4 d5 2.c4 c6 3.Nc3 e6 4.Nf3 Nf6 5.e3 Nbd7 6.Bd3 dxc4 7.Bxc4 b5 8.Bd3 Bb7
9.O-O a6 10.e4 c5 11.d5 e5 12.b3 Bd6 13.Qc2 Rc8 14.a4 b4 15.Nd1 a5 16.Bg5 h6
17.Bh4 g5 18.Bg3 Nh5 19.Ne3 Nf4 20.Bb5 Qb6 21.Nd2 Ra8 22.Ndc4 Qc7 23.Nf5 Bf8
24.d6 Qd8 25.Nxe5 Bc8 26.Qxc5 Rb8 27.Nxd7  1-0

[Event "IV Open"]
[Site "Palma ESP"]
[Date "2009.11.24"]
[Round "5"]
[White "Franco Ocampos,Z"]
[Black "Colovic,A"]
[Result "1-0"]
[WhiteElo "2516"]
[BlackElo "2443"]

1.d4 d5 2.c4 c6 3.Nf3 Nf6 4.Nc3 e6 5.e3 Nbd7 6.b3 Bd6 7.Bb2 O-O 8.Bd3 b6
9.O-O Bb7 10.Qe2 Qe7 11.e4 dxe4 12.Nxe4 Nxe4 13.Bxe4 f5 14.Bc2 c5 15.Rad1 Rae8
16.Rfe1 cxd4 17.Nxd4 Qh4 18.h3 Bb4 19.Rf1 Qe7 20.Qxe6+ Qxe6 21.Nxe6 Rxe6
22.Rxd7 Re7  1-0

[Event "IV Open"]
[Site "Palma ESP"]
[Date "2009.11.24"]
[Round "5"]
[White "Koziak,V"]
[Black "Serrano Salvador,E"]
[Result "1-0"]
[WhiteElo "2475"]
[BlackElo "2319"]

1.d4 d5 2.c4 c6 3.Nc3 Nf6 4.e3 e6 5.Nf3 Nbd7 6.Bd3 Bd6 7.e4 dxe4 8.Nxe4 Nxe4
9.Bxe4 O-O 10.O-O h6 11.Bc2 e5 12.c5 Bc7 13.Re1 exd4 14.Qxd4 Ne5 15.Qe4 f5
16.Qe2 Nxf3+ 17.Qxf3 Qf6 18.Bd2 Be5 19.Bb3+ Kh8 20.Rxe5 Qxe5 21.Re1 Qxc5
22.Qf4 a5 23.Bc3 Kh7 24.Qc7  1-0

[Event "UTD Invitational B"]
[Site "Dallas USA"]
[Date "2009.11.28"]
[Round "8"]
[White "Annakov,B"]
[Black "Vedrickas,T"]
[Result "1-0"]
[WhiteElo "2451"]
[BlackElo "2272"]

1.d4 Nf6 2.c4 e6 3.Nc3 d5 4.Nf3 c6 5.e3 Nbd7 6.Bd3 dxc4 7.Bxc4 b5 8.Bb3 Bb7
9.O-O a6 10.e4 c5 11.e5 cxd4 12.Qxd4 Bc5 13.Qf4 Bxf3 14.exf6 Bb7 15.Ne4 gxf6
16.Rd1 Bxe4 17.Qxe4 Ra7 18.Bf4 Qb6 19.Rac1 f5 20.Qf3 Rg8 21.a4 Rg6 22.h3 e5
23.Bg3 f4 24.Bh4 Kf8 25.Qd5 Qe6 26.Rxc5 Qxd5 27.Rcxd5 bxa4 28.Bc2  1-0

[Event "National Chess Congress"]
[Site "Philadelphia USA"]
[Date "2009.11.29"]
[Round "5"]
[White "Yang,Dar"]
[Black "Ravichandran,S"]
[Result "1/2-1/2"]
[WhiteElo "2262"]
[BlackElo "2178"]

1.d4 d5 2.c4 c6 3.Nc3 Nf6 4.e3 e6 5.Nf3 Nbd7 6.Qc2 Bd6 7.g4 Bb4 8.Bd2 b6
9.g5 Bxc3 10.Bxc3 Ne4 11.Rg1 Bb7 12.Nd2 Nxc3 13.Qxc3 Rc8 14.h4 f5 15.cxd5 cxd5
16.Qa3 Qc7 17.f4 Nb8 18.Nf3 Qe7 19.Bb5+ Bc6 20.Qxe7+ Kxe7 21.Bd3 Bb7 22.Kd2 Rc7
23.Rac1 Rhc8 24.Rxc7+ Rxc7 25.h5 Bc8 26.h6 g6 27.Ne5 Bd7 28.b3 Be8 29.a4 Nd7
30.Nf3 Nb8 31.Ra1 a6 32.Ne5 Kd8 33.Rc1 Rxc1 34.Kxc1 Ke7 35.Kd2 Kd6 36.Kc3 Ke7
37.Kb4 Kd6 38.Be2 a5+ 39.Kc3 Nc6 40.Nf3 Nd8 41.Ne5 Nf7 42.Bb5 Nxe5 43.Bxe8 Ke7
44.fxe5 Kxe8  1/2-1/2

[Event "2nd Dragon Capital"]
[Site "Ho Chi Minh City VIE"]
[Date "2009.12.03"]
[Round "2"]
[White "Nguyen Anh Dung"]
[Black "Bao Khoa"]
[Result "1/2-1/2"]
[WhiteElo "2474"]
[BlackElo "2161"]

1.d4 Nf6 2.c4 e6 3.Nc3 d5 4.Nf3 c6 5.e3 Nbd7 6.Bd3 dxc4 7.Bxc4 b5 8.Bd3 a6
9.O-O Bd6 10.e4 e5 11.h3 Bb7 12.Be3 O-O 13.dxe5 Nxe5 14.Nxe5 Bxe5 15.Qc2 Re8
16.Rad1 Qe7 17.Ne2 c5 18.Bxc5 Qc7 19.Bd4 Qxc2 20.Bxc2 Nxe4 21.Rfe1 Nf6 22.Nc3 Bxd4
23.Rxe8+ Rxe8 24.Rxd4 g6 25.f3 Kg7 26.Kf2 Re7 27.a3 Rc7 28.Bd3 Kf8  1/2-1/2

[Event "2nd Dragon Capital"]
[Site "Ho Chi Minh City VIE"]
[Date "2009.12.03"]
[Round "2"]
[White "Pham Le Thao Nguyen"]
[Black "Hoang Thi Nhu Y"]
[Result "1-0"]
[WhiteElo "2314"]
[BlackElo "2119"]

1.Nf3 d5 2.c4 c6 3.d4 e6 4.Nc3 Nf6 5.e3 Bd6 6.Bd3 O-O 7.O-O Nbd7 8.e4 dxe4
9.Nxe4 Nxe4 10.Bxe4 h6 11.b3 Nf6 12.Bc2 b6 13.Bb2 Qe7 14.Qd3 Rd8 15.Rae1 Bb7
16.Re2 Ba3 17.Ba1 Qd6 18.Re3 Kf8 19.Ne5 Qc7 20.h3 c5 21.d5 exd5 22.Ng4 dxc4
23.Qxc4 b5 24.Qe2 Qc6 25.f4 Nxg4 26.Qxg4 f6 27.Re6 Qd5 28.Be4 Qxe4 29.Rxe4 Bxe4
30.Re1 Bd5 31.Qf5 Kf7 32.Bxf6 gxf6 33.Qh7+ Kf8 34.Re7  1-0

[Event "ch-IND National A"]
[Site "Mumbai IND"]
[Date "2009.12.03"]
[Round "3"]
[White "Sriram,J"]
[Black "Arun Prasad,S"]
[Result "1/2-1/2"]
[WhiteElo "2497"]
[BlackElo "2570"]

1.d4 d5 2.c4 c6 3.Nf3 Nf6 4.Nc3 e6 5.e3 Nbd7 6.Bd3 dxc4 7.Bxc4 b5 8.Bd3 a6
9.a4 b4 10.Ne4 c5 11.O-O Bb7 12.Nxf6+ Nxf6 13.dxc5 Bxc5 14.Qe2 O-O 15.Rd1 Qe7
16.e4 h6 17.e5 Ng4 18.Rf1 Rad8 19.Bf4 f6 20.exf6 Qxf6 21.Bg3 a5 22.Rac1 Bd6
23.Bc4 Bxf3 24.Qxe6+ Qxe6 25.Bxe6+ Kh8 26.gxf3 Ne5 27.Kg2 Nd3 28.Rb1 Nf4+
29.Bxf4 Bxf4 30.Rfd1 Bd2  1/2-1/2

[Event "LXXV ch-BRA"]
[Site "Americana BRA"]
[Date "2009.12.04"]
[Round "3"]
[White "Santiago,Y"]
[Black "Leitao,R"]
[Result "0-1"]
[WhiteElo "2266"]
[BlackElo "2621"]

1.Nf3 Nf6 2.c4 c6 3.Nc3 d5 4.e3 e6 5.d4 a6 6.a4 c5 7.dxc5 Bxc5 8.Be2 O-O
9.O-O Nc6 10.b3 dxc4 11.Qxd8 Rxd8 12.Bxc4 b6 13.Ba3 Bxa3 14.Rxa3 Bb7 15.Raa1 Kf8
16.Rab1 Rac8 17.Rfc1 Nb4 18.Rd1 Ke7 19.Kf1 Rxd1+ 20.Rxd1 Nd7 21.Nd2 Nc5 22.Rb1 Rd8
23.Ke2 Bxg2 24.Rg1 Bh3 25.e4 Ncd3 26.Rxg7 Nf4+ 27.Ke3 Ng2+ 28.Ke2 Kf6 29.Rg3 Nf4+
30.Kd1 h5 31.Kc1 h4 32.Re3 e5 33.Nf3 Bg4 34.Nxh4 Rh8 35.Nf5 Rxh2 36.f3 Bxf5
37.exf5 Kxf5 38.Bxf7 Nfd3+ 39.Kd1 Nb2+ 40.Kc1 N2d3+ 41.Kd1 Kf4 42.Nd5+ Nxd5
43.Rxd3 Ne3+ 44.Kc1 Kxf3 45.Rd6 Rh7 46.Be8 Rh1+ 47.Kb2 Rh2+ 48.Kb1 e4 49.Rf6+ Ke2
50.Re6 Kd3 51.Bg6 Rh1+ 52.Ka2 Rh2+ 53.Kb1 Kc3 54.Rxe4 Nd5 55.Re1 Kb4 56.Bc2 Ka3
57.Rf1 Nb4 58.Be4 Kxb3 59.Rf3+ Kxa4 60.Rf6 b5 61.Rf3 Ka5 62.Rf6 Na2 63.Bb7 Nc3+
64.Kc1 Kb4 65.Rxa6  0-1

[Event "30th Edoardo Crespi Magistrale"]
[Site "Milan ITA"]
[Date "2009.12.05"]
[Round "1"]
[White "Skembris,S"]
[Black "Astengo,M"]
[Result "1-0"]
[WhiteElo "2475"]
[BlackElo "2147"]

1.d4 d5 2.c4 c6 3.Nf3 Nf6 4.Nc3 e6 5.e3 Nbd7 6.Qc2 Bd6 7.b3 O-O 8.Be2 b6
9.O-O Bb7 10.Rd1 Qe7 11.e4 dxe4 12.Nxe4 Nxe4 13.Qxe4 Rad8 14.Bg5 Nf6 15.Bxf6 Qxf6
16.Ne5 Bxe5 17.dxe5 Qe7 18.Bf3 Rxd1+ 19.Rxd1 Rd8 20.Rd4 g6 21.h4 Kf8 22.Rxd8+ Qxd8
23.b4 Ba6 24.Qxc6 Qd2 25.b5 Qe1+ 26.Kh2 Qxf2 27.Kh3 Qxa2 28.bxa6 Qxa6 29.h5 Qa1
30.Qe4 a5 31.Kg4 Kg7 32.Qf4 gxh5+ 33.Kxh5 Qh1+ 34.Kg4 a4 35.c5 a3 36.c6 h5+
37.Kg5 a2 38.c7  1-0

[Event "ch-IND National A"]
[Site "Mumbai IND"]
[Date "2009.12.05"]
[Round "5"]
[White "Arvind,S"]
[Black "Singh,DP"]
[Result "0-1"]
[WhiteElo "2302"]
[BlackElo "2308"]

1.d4 d5 2.Nf3 Nf6 3.c4 e6 4.Nc3 c6 5.e3 Be7 6.Qc2 O-O 7.Bd3 Nbd7 8.O-O Re8
9.Rd1 b6 10.e4 dxc4 11.Bxc4 Bb7 12.Bg5 h6 13.Bf4 b5 14.Bd3 a6 15.e5 Nd5 16.Nxd5 exd5
17.Qe2 Nf8 18.Qe3 g5 19.Bg3 Ne6 20.Bf5 Ng7 21.Bc2 Bc8 22.Qc3 Be6 23.Ne1 Qb6
24.h4 Rec8 25.hxg5 hxg5 26.Qd2 c5 27.Qd3 Nf5 28.Qf3 Nxd4 29.Rxd4 cxd4 30.Qh5 Rxc2
31.Nxc2 Bf5 32.e6 fxe6  0-1

[Event "2nd Dragon Capital"]
[Site "Ho Chi Minh City VIE"]
[Date "2009.12.06"]
[Round "6"]
[White "Nguyen Huynh Minh Huy"]
[Black "Sharma,Di"]
[Result "1/2-1/2"]
[WhiteElo "2500"]
[BlackElo "2376"]

1.d4 d5 2.c4 c6 3.Nf3 Nf6 4.Nc3 e6 5.e3 Nbd7 6.Qc2 Bd6 7.Be2 O-O 8.b3 b6
9.O-O Bb7 10.Bb2 Qe7 11.Rad1 Rfe8 12.Rfe1 Bb4 13.Bf1 Rac8 14.a3 Bxa3 15.Bxa3 Qxa3
16.Ra1 Qd6 17.Rxa7 Qb8  1/2-1/2

[Event "2nd Dragon Capital"]
[Site "Ho Chi Minh City VIE"]
[Date "2009.12.07"]
[Round "8"]
[White "Vo Dai Hoai Duc"]
[Black "Tan Weiliang"]
[Result "1-0"]
[WhiteElo "2175"]
[BlackElo "2163"]

1.d4 d5 2.c4 c6 3.e3 Nf6 4.Nc3 e6 5.Nf3 Nbd7 6.Qc2 b6 7.Bd3 Bb7 8.O-O dxc4
9.Bxc4 c5 10.e4 cxd4 11.Nxd4 Rc8 12.Qe2 Qc7 13.Bb3 Qc5 14.Nf3 Qh5 15.Bf4 e5
16.Nxe5 Qxe2 17.Nxe2 Nxe5 18.Bxe5 Nxe4 19.Ba4+ Bc6 20.Rac1 Nc5 21.Bxc6+ Rxc6
22.Nd4 Rg6 23.b4 Nd3 24.Rc8+ Kd7 25.Rc7+ Kd8 26.Rd1 Bd6 27.Bxd6 Rxd6 28.Rxa7 Rxd4
29.Ra8+ Ke7 30.Rxh8 Rxb4 31.Rxh7 g6 32.Rh3 Nc5 33.Re3+ Ne6 34.Rb3 Rg4 35.Rd2 Rc4
36.f3 Rc6 37.Rdb2 Rc1+ 38.Kf2 Nc5 39.Re3+ Kf8 40.Rxb6 Rc2+ 41.Re2  1-0

[Event "Open"]
[Site "Pilsen CZE"]
[Date "2009.12.07"]
[Round "3"]
[White "Vojir,V jr"]
[Black "Zoubek,D"]
[Result "1-0"]
[WhiteElo "1792"]
[BlackElo "1625"]

1.d4 d5 2.c4 Nf6 3.Nc3 e6 4.e3 c6 5.Nf3 Nbd7 6.Bd3 g6 7.Qc2 b6 8.Bd2 Bg7
9.O-O Bb7 10.Rad1 Qc7 11.cxd5 exd5 12.Nb5 Qb8 13.Na3 O-O 14.b4 Qd8 15.Bc3 Re8
16.b5 Ne4 17.bxc6 Bxc6 18.Bb2 Nd6 19.Qxc6 Bf8 20.Qxd5 Nf6 21.Qb3 Qd7 22.Nb5 Rec8
23.Rc1 Nde4 24.Ne5 Qd8 25.Rxc8 Rxc8 26.Rc1 Rxc1+ 27.Bxc1 Qe7 28.Ba3 Qb7 29.Bxf8 Kxf8
30.Qb4+ Kg7 31.Qc4 Ng5 32.h4 Ne6 33.Nd6 g5 34.Nxb7  1-0

[Event "LXXV ch-BRA"]
[Site "Americana BRA"]
[Date "2009.12.08"]
[Round "8"]
[White "Barreto Filho,C"]
[Black "Macedo,MIa"]
[Result "1-0"]
[WhiteElo "2277"]
[BlackElo "2339"]

1.d4 Nf6 2.c4 e6 3.Nc3 d5 4.Nf3 c6 5.e3 Nbd7 6.Qc2 Be7 7.Bd3 O-O 8.O-O dxc4
9.Bxc4 b5 10.Bd3 Bb7 11.e4 h6 12.e5 Nd5 13.Nxd5 exd5 14.Qe2 a6 15.e6 Nf6
16.exf7+ Rxf7 17.Bg6 Rf8 18.Qe6+ Kh8 19.Ne5 Qd6  1-0

[Event "2nd Dragon Capital"]
[Site "Ho Chi Minh City VIE"]
[Date "2009.12.08"]
[Round "9"]
[White "Nguyen Hoang Nam1"]
[Black "Ton That Nhu Tung"]
[Result "1/2-1/2"]
[WhiteElo "2320"]
[BlackElo "2272"]

1.d4 Nf6 2.c4 c6 3.Nc3 d5 4.e3 e6 5.Nf3 Be7 6.Be2 dxc4 7.Bxc4 c5 8.O-O O-O
9.a3 Nc6 10.dxc5 Bxc5  1/2-1/2

[Event "Open"]
[Site "Pilsen CZE"]
[Date "2009.12.08"]
[Round "4"]
[White "Hruby,Va"]
[Black "Maly,Ant"]
[Result "1/2-1/2"]
[WhiteElo "1782"]
[BlackElo "1881"]

1.Nf3 d5 2.d4 c6 3.c4 e6 4.e3 Nf6 5.Nc3 Nbd7 6.Qc2 Bd6 7.Bd3 O-O 8.e4 dxe4
9.Nxe4 Nxe4 10.Bxe4 Nf6 11.Bd3 Re8 12.O-O e5 13.dxe5 Bxe5 14.Nxe5 Rxe5 15.Bf4 Re8
16.Rad1 Qe7 17.Rd2 Bg4 18.Bd6 Qe6 19.Bc5 Bh5 20.f3 Bg6 21.Bxg6 hxg6 22.Bf2 a6
23.Re1 Qf5 24.Qxf5 Rxe1+ 25.Bxe1 gxf5 26.Kf2 Re8 27.Re2 Re6 28.Bc3 Ne8 29.Rxe6 fxe6
30.Ke3 Kf7 31.Kd4 b6 32.b4 Ke7 33.a4 Nf6 34.a5 bxa5 35.bxa5 Nd7 36.Bb4+ Kf6
37.Bd6 g5 38.g3 e5+ 39.Kd3 Ke6 40.Bc7  1/2-1/2

[Event "30th Edoardo Crespi Magistrale"]
[Site "Milan ITA"]
[Date "2009.12.09"]
[Round "6"]
[White "Sbarra,M"]
[Black "Quaranta,C"]
[Result "1/2-1/2"]
[WhiteElo "2256"]
[BlackElo "2134"]

1.d4 d5 2.c4 c6 3.Nc3 Nf6 4.e3 e6 5.Nf3 Nbd7 6.Qc2 b6 7.Bd2 Bb7 8.O-O-O Be7
9.e4 Nxe4 10.Nxe4 dxe4 11.Qxe4 Nf6 12.Qc2 Qc7 13.c5 bxc5 14.dxc5 a5 15.Kb1 O-O
16.Bc3 Ba6 17.Bxa6 Rxa6 18.Be5 Qa7 19.Bd6 Nd5 20.Ne5 f6 21.Nc4 a4 22.Qe2 e5
23.Bxe7 Qxe7 24.Nb6 Ra5 25.Nxd5 cxd5 26.Rxd5 Rxc5 27.Rxc5 Qxc5 28.Rc1 Qa5
29.Qc4+ Kh8 30.Qc5 Qa8 31.a3 Rd8 32.Qc6 Qa7 33.Qd5 Rb8 34.Qc6 Rd8 35.Qc5 Qa8
36.f3 h6 37.h4 Qa6 38.Qc4 Qa7 39.h5 Qd7 40.Qe4 Rb8 41.Rc2 Qd1+  1/2-1/2

[Event "New Years All-Ukrainian Open"]
[Site "Poltava UKR"]
[Date "2009.12.11"]
[Round "9"]
[White "Zubarev,Al1"]
[Black "Matjushin,G"]
[Result "1/2-1/2"]
[WhiteElo "2535"]
[BlackElo "2466"]

1.Nf3 d5 2.c4 c6 3.e3 Nf6 4.Nc3 e6 5.d4 Nbd7 6.Bd3 dxc4 7.Bxc4 b5 8.Bd3 Bd6
9.O-O O-O 10.Qc2 Bb7 11.Rd1 Qb8 12.h3  1/2-1/2

[Event "Bundesliga 2009-10"]
[Site "Berlin GER"]
[Date "2009.12.12"]
[Round "5"]
[White "Stern,R"]
[Black "Fridman,D2"]
[Result "0-1"]
[WhiteElo "2501"]
[BlackElo "2661"]

1.d4 d5 2.c4 e6 3.Nc3 c6 4.e3 Nf6 5.Nf3 Nbd7 6.Qc2 Bd6 7.Bd3 O-O 8.O-O dxc4
9.Bxc4 a6 10.Rd1 b5 11.Be2 Qc7 12.Bd2 c5 13.dxc5 Qxc5 14.Rac1 Bb7 15.Be1 Qb6
16.a4 b4 17.a5 Qc5 18.Na4 Qxc2 19.Rxc2 Bd5 20.Nd2 Rfc8 21.Rdc1 Rxc2 22.Rxc2 b3
23.Rc1 Bb4 24.Nf3 Bd6 25.Nd4 Ne4 26.Bf3 Rb8 27.Nc3 Nxc3 28.Rxc3 Bb4 29.Rc1 Bxe1
30.Rxe1 Bxf3 31.gxf3 e5 32.Nc6 Rb7 33.Rd1 Kf8 34.Kg2 Ke8 35.Rd5 f6 36.Kg3 Rc7
37.Rd6 Nc5 38.Nb4 Ke7 39.Rb6 Rb7 40.Rxb7+ Nxb7 41.Nxa6 Kd6 42.Nb4 Nxa5 43.Nd3 Kd5
44.Nc1 Kc4 45.f4 Nc6 46.Kf3 exf4 47.Kxf4 Nb4 48.Kf5 Nd3 49.Nxb3 Kxb3 50.f4 Nxb2
51.Ke6 Kc4 52.Kf7 f5 53.Kxg7 Kd3 54.Kxh7 Kxe3 55.h4 Kxf4 56.h5 Kg5  0-1

[Event "TCh-NED 2009-10"]
[Site "Netherlands NED"]
[Date "2009.12.12"]
[Round "4"]
[White "Vandevoort,P"]
[Black "Van de Oudeweetering,A"]
[Result "1-0"]
[WhiteElo "2357"]
[BlackElo "2337"]

1.d4 d5 2.c4 c6 3.Nc3 Nf6 4.Nf3 e6 5.e3 Nbd7 6.Bd3 dxc4 7.Bxc4 b5 8.Bd3 a6
9.e4 c5 10.e5 cxd4 11.Nxb5 axb5 12.exf6 gxf6 13.O-O Qb6 14.Qe2 b4 15.Bf4 h5
16.Rfc1 Bc5 17.Nd2 e5 18.Bf5 Kf8 19.Ne4 Be7 20.Bd2 Nc5 21.Bxc8 Rxc8 22.Rc4 Rd8
23.Rxb4 Qe6 24.Nxc5 Bxc5 25.Rb5 d3 26.Qe4 Bd4 27.Ba5 Rd7 28.Rc1 f5 29.Qh4 Kg7
30.Kf1 Qh6 31.Rd1 e4 32.Rxf5 Re8 33.Rxh5 Qf6 34.Rg5+ Kf8 35.Bb4+ Ree7 36.Qg3  1-0

[Event "Tch-SLO League"]
[Site "Rogaska Slatina SLO"]
[Date "2009.12.12"]
[Round "2"]
[White "Kozul,Z"]
[Black "Rogic,D"]
[Result "1/2-1/2"]
[WhiteElo "2604"]
[BlackElo "2555"]

1.d4 d5 2.c4 c6 3.Nc3 Nf6 4.e3 e6 5.Nf3 Nbd7 6.Bd3 dxc4 7.Bxc4 b5 8.Bd3 a6
9.a4 Bb7 10.O-O b4 11.Nb1 c5 12.Nbd2 Be7 13.a5 O-O 14.Nc4 Qc7 15.Nfe5 Rfd8
16.Qe2 Nf8 17.Rd1 Ng6 18.Nxg6 hxg6 19.Nb6 Ra7 20.Bd2 cxd4 21.exd4 Nd5 22.Rdc1 Qb8
23.g3 Bf6 24.Rc4 Qd6 25.Be4 Nxb6 26.axb6 Qxb6 27.Rxb4 Qc7 28.Bc3 Bxe4 29.Qxe4 Rd5
30.Raa4 Ra8 31.h4 Qd6 32.Ra5 Rc8 33.Rxd5 exd5 34.Qg4 Qc6 35.Qd1 Qe6 36.Ra4 Rc6
37.Qf3 Bd8 38.Ra1 Qd7 39.Kg2 Re6 40.Bb4 Rf6 41.Qd3 Qb7 42.Bd2 Re6 43.Bc3  1/2-1/2

[Event "Bundesliga 2009-10"]
[Site "Heidelberg GER"]
[Date "2009.12.13"]
[Round "6"]
[White "Bindrich,F"]
[Black "Nielsen,PH"]
[Result "1/2-1/2"]
[WhiteElo "2516"]
[BlackElo "2687"]

1.d4 d5 2.c4 e6 3.Nc3 c6 4.e3 Nf6 5.Nf3 Nbd7 6.Qc2 Bd6 7.Bd3 O-O 8.O-O dxc4
9.Bxc4 a6 10.a4 c5 11.dxc5 Nxc5 12.Rd1 Qc7 13.a5 Ncd7 14.Ne4 Nxe4 15.Qxe4 Nf6
16.Qh4 Be7 17.b3 Nd5 18.Qh5 Bf6 19.Ba3 Bxa1 20.Bxf8 Bf6 21.e4 Kxf8 22.exd5 exd5
23.Bxd5 h6 24.g4 Be6 25.Bxe6 fxe6 26.g5 Rd8 27.Rxd8+ Bxd8 28.gxh6 Qc1+ 29.Kg2 Qxh6
30.Qc5+ Kg8 31.Qc8 Qg6+ 32.Kh1 Qb1+ 33.Kg2 Qg6+ 34.Kh1 Qb1+ 35.Kg2 Qg6+  1/2-1/2

[Event "ch-IND National A"]
[Site "Mumbai IND"]
[Date "2009.12.13"]
[Round "12"]
[White "Sriram,J"]
[Black "Sethuraman,S"]
[Result "0-1"]
[WhiteElo "2497"]
[BlackElo "2447"]

1.d4 Nf6 2.c4 e6 3.Nf3 d5 4.Nc3 c6 5.e3 Nbd7 6.Qc2 Bd6 7.Bd3 O-O 8.O-O dxc4
9.Bxc4 a6 10.Rd1 b5 11.Be2 Qc7 12.Ne4 Nxe4 13.Qxe4 e5 14.Qh4 Re8 15.Ng5 Nf6
16.Bd3 h6 17.Ne4 Nxe4 18.Bxe4 exd4 19.Bf3 d3 20.Rxd3 Bf5 21.e4 Be6 22.Be3 Be5
23.Bd4 Qd8 24.Qxd8 Raxd8 25.Rad1 Bc4 26.R3d2 Bxa2 27.Bxe5 Rxd2 28.Rxd2 Rxe5
29.Rd8+ Kh7 30.Ra8 Rc5 31.g4 Rc1+ 32.Kg2 c5 33.Rxa6 Be6 34.e5 Rc4 35.Rc6 b4
36.Kg3 g6 37.h4 Kg7 38.Bd1 Rc1 39.Be2 Rc2 40.Bf1 c4 41.f3 b3 42.f4 Rxb2 43.f5 gxf5
44.gxf5 Bxf5  0-1

[Event "Tch-SLO League"]
[Site "Rogaska Slatina SLO"]
[Date "2009.12.13"]
[Round "4"]
[White "Gruskovnjak,T"]
[Black "Pavasovic,D"]
[Result "1/2-1/2"]
[WhiteElo "2378"]
[BlackElo "2590"]

1.d4 d5 2.c4 e6 3.Nf3 c6 4.e3 Nf6 5.Nc3 Nbd7 6.Qc2 Bd6 7.Bd3 O-O 8.O-O dxc4
9.Bxc4 b5 10.Be2 Bb7 11.Rd1 Qb8 12.Bd2 Re8 13.Rac1 a6 14.Ne4 Nxe4 15.Qxe4 c5
16.Qh4 c4 17.Bc3 Be7 18.Qh3 Bd5 19.Ne5 Ra7 20.Bf3 Qa8 21.Bxd5 Qxd5 22.Qh5 Nxe5
23.dxe5 Qc6 24.Qg4 b4 25.Bxb4 Qb5 26.Bxe7 Raxe7 27.Qxc4 Qxb2 28.Qxa6 Qxe5
29.Rc8 g6 30.a4 Rxc8 31.Qxc8+ Kg7 32.Qc4 Rc7 33.Qb4 Rc2 34.h3 Qf6 35.Rf1 Qe5
36.Rd1 Qf6 37.Rf1 Qe5 38.h4 Ra2 39.Rd1 Qf6 40.Rf1 e5 41.Qc4 Qe6 42.Qxe6 fxe6
43.Rc1 Rxa4 44.Rc7+ Kg8 45.g3 h5 46.Kg2 e4 47.Rd7 Ra5 48.g4 hxg4 49.Kg3 Rf5
50.Rd4  1/2-1/2

[Event "16th Open A"]
[Site "Zadar CRO"]
[Date "2009.12.13"]
[Round "1"]
[White "Martinovic,Sa"]
[Black "Schachinger,M"]
[Result "1-0"]
[WhiteElo "2483"]
[BlackElo "2339"]

1.d4 d5 2.c4 c6 3.Nc3 Nf6 4.e3 e6 5.Nf3 Nbd7 6.Qc2 Bd6 7.e4 Nxe4 8.Nxe4 dxe4
9.Qxe4 c5 10.Bg5 Be7 11.Bxe7 Qa5+ 12.Ke2 Kxe7 13.g3 Qb4 14.b3 Qa3 15.Qc2 b5
16.Bg2 Bb7 17.Rhd1 Nf6 18.d5 exd5 19.cxd5 Rhd8 20.Ng5 Bxd5 21.Bxd5 Nxd5 22.Rxd5 Rxd5
23.Qe4+ Kd6 24.Nxf7+ Kc6 25.Qe6+ Kc7 26.Qxd5 Qb2+ 27.Kf3 Qxa1 28.Kg2 Rc8
29.Qxc5+ Kb8 30.Qxb5+ Kc7 31.Qc5+ Kb8 32.Qb4+ Kc7 33.Qd6+ Kb7 34.Qd7+  1-0

[Event "ch-IND National A"]
[Site "Mumbai IND"]
[Date "2009.12.14"]
[Round "13"]
[White "Kunte,A"]
[Black "Sriram,J"]
[Result "1-0"]
[WhiteElo "2522"]
[BlackElo "2497"]

1.d4 d5 2.c4 c6 3.Nc3 e6 4.e3 Nf6 5.Nf3 Nbd7 6.Qc2 Bd6 7.Bd3 O-O 8.O-O dxc4
9.Bxc4 a6 10.a4 c5 11.dxc5 Bxc5 12.b3 b6 13.Ne4 Be7 14.Rd1 Nxe4 15.Qxe4 Nf6
16.Qc2 Qc7 17.Bb2 Bb7 18.Ng5 Qc6 19.f3 g6 20.Qc3 Qc5 21.Rd7 Qxg5 22.Rxb7 Bd8
23.Rd1 Rc8 24.Qd4 Kg7 25.Qe5 Qf5 26.Qxf5 gxf5 27.Bxe6 Rc2 28.Rxd8 Rxd8 29.Rxf7+ Kg6
30.Rxf6+ Kg7 31.Rf7+ Kg6 32.Bd4 Rc6 33.Rg7+ Kh6 34.Re7  1-0

[Event "16th Open A"]
[Site "Zadar CRO"]
[Date "2009.12.14"]
[Round "3"]
[White "Gagarin,V"]
[Black "Schachinger,M"]
[Result "0-1"]
[WhiteElo "2422"]
[BlackElo "2339"]

1.d4 d5 2.c4 c6 3.Nc3 Nf6 4.e3 e6 5.Nf3 Nbd7 6.Qc2 Bd6 7.Bd3 O-O 8.O-O dxc4
9.Bxc4 a6 10.Rd1 b5 11.Be2 Qc7 12.Ne4 Nxe4 13.Qxe4 Bb7 14.Bd3 g6 15.Qh4 c5
16.Be2 Bxf3 17.Bxf3 Rac8 18.Bd2 cxd4 19.Rac1 Qa7 20.Qxd4 Qxd4 21.exd4 Nf6
22.Bb7 Rb8 23.Bf3 Rfc8 24.g3 Nd5 25.a3 Rc4 26.Be2 Rxd4 27.Rc6 Be5 28.f4 Bc7
29.Rxa6 Bb6 30.Kf1 Nc7 31.Rxb6 Rxb6 32.Be3 Rxd1+ 33.Bxd1 Rc6 34.Ke2 Nd5 35.Bd4 Kf8
36.Kd2 Rc4 37.Bf2 Rc8 38.Be2 b4 39.Bd4 Ke7 40.Bd3 Kd6 41.Bc2 f6 42.axb4 Nxb4
43.Be4 e5 44.fxe5+ fxe5 45.Ba7 Nc6 46.Be3 Nd4 47.g4 Nb3+ 48.Ke2 Nc5 49.Bc2 Rb8
50.Bc1 Nb3 51.Be3 Nd4+  0-1

[Event "Tch-SLO League"]
[Site "Rogaska Slatina SLO"]
[Date "2009.12.15"]
[Round "8"]
[White "Vospernik,Z"]
[Black "Lazar,Ales ML"]
[Result "0-1"]
[WhiteElo "2277"]
[BlackElo "2291"]

1.d4 d5 2.c4 c6 3.Nc3 Nf6 4.e3 e6 5.Nf3 Nbd7 6.Bd3 dxc4 7.Bxc4 b5 8.Bd3 Bb7
9.O-O a6 10.a4 b4 11.Nb1 c5 12.a5 Be7 13.Nbd2 O-O 14.Qe2 Qb8 15.Nc4 Rd8 16.Rd1 Be4
17.Nfe5 Bxd3 18.Rxd3 Qb5 19.Bd2 Nxe5 20.dxe5 Rxd3 21.Qxd3 Rd8 22.Qf1 Nd7
23.Be1 Nb8 24.Nb6 Qxf1+ 25.Kxf1 Nc6 26.Nc4 Kf8 27.Ke2 Rd7 28.f3 Rb7 29.Bf2 Rb5
30.e4 Ke8 31.f4 Rb8 32.Rd1 Rb5 33.Ra1 Kd7 34.g4 Kc7 35.Be3 Rb8 36.Rc1 Rb5
37.Ra1 Nd8 38.f5 Kc6 39.Rf1 Rb7 40.f6 Bf8 41.Rd1 Rb8 42.Nb6 Nb7 43.Nd7 Rd8
44.Nxf8 Rxf8 45.fxg7 Rg8 46.Bh6 c4 47.Rf1 Nd8 48.h3 Kb5 49.Bg5 f6 50.Bxf6 Nc6
51.Ke3 Ka4 52.g5 Kb3 53.Rf2 Nxa5 54.h4 c3 55.bxc3 Kxc3 56.h5 b3 57.Kf4 Nc4
58.Rf3+ Kc2 59.Rxb3 Kxb3 60.g6 h6 61.Bg5 a5 62.Bxh6 a4 63.Kg5 a3 64.Kf6 a2
65.Kf7 Ra8 66.g8=Q Nxe5+ 67.Kg7 Rxg8+ 68.Kxg8 a1=Q 69.g7 Qa8+ 70.Kh7 Qxe4+
71.Kh8 Nf7+  0-1

[Event "Tch-SLO League"]
[Site "Rogaska Slatina SLO"]
[Date "2009.12.15"]
[Round "8"]
[White "Lenic,L"]
[Black "Pavasovic,D"]
[Result "1/2-1/2"]
[WhiteElo "2598"]
[BlackElo "2590"]

1.d4 d5 2.c4 e6 3.Nc3 c6 4.e3 Nf6 5.Nf3 Nbd7 6.Qc2 Bd6 7.g4 h6 8.h3 Qe7 9.Bd2 b5
10.cxd5 exd5 11.Nh4 Nb6 12.Bd3 Nc4 13.Nf5 Bxf5 14.Bxf5 O-O 15.O-O-O  1/2-1/2